Hrad Sovinec multimediální prezentace /

Hlavní autor: Niesner, Tomáš, 1958-
Jazyk: Čeština
Vydáno: V Bruntále : Muzeum v Bruntále, 2005
Témata:
Fyzický popis: 1 elektronický optický disk (CD-ROM) ; 12 cm
Video
Uloženo v:
LEADER 01339ngm a2200325 a 4500
001 000808458
003 CZ BrMZK
005 20060317175335.0
008 060210s2005 xr e cze d
040 |a BOA001  |b cze 
043 |a e-xr---  |b e-xr-mo  |2 czenas 
080 |a 728.81  |2 MRF 
080 |a 94(4)"1618/1648"  |2 MRF 
080 |a 94(437.326)  |2 MRF 
080 |a (0.034.44)  |2 MRF 
100 1 |a Niesner, Tomáš,  |d 1958-  |7 ola2004231427  |4 aut 
245 0 0 |a Hrad Sovinec  |b multimediální prezentace /  |h [elektronický zdroj] :  |c text Tomáš Niesner 
256 |a obrazová data 
260 |a V Bruntále :  |b Muzeum v Bruntále,  |c 2005 
300 |a 1 elektronický optický disk (CD-ROM) ;  |c 12 cm 
538 |a Požadavky na systém (minimální): Intel Pentium II. 266MHz, 64 MB RAM, SVGA grafická karta 2MB, 24 rychlostní CD-ROM mechanika, Windows 95/98/ME/NT/2000/XP, zvuková karta 
650 0 7 |a hrady  |7 ph120854  |z Česko  |2 czenas 
650 0 7 |a hrady  |7 ph120854  |x dějiny  |2 czenas 
655 7 |a CD-ROM  |7 fd133955  |2 czenas 
610 2 7 |a Sovinec (hrad)  |7 kn20030606005  |2 czenas 
651 7 |a Bruntál (Česko : oblast)  |7 ge128417  |x dějiny  |2 czenas 
910 2 |a BOA001  |b CDR-1165.602 
990 |a VI 
991 |b 200603 
996 6 |b 2610273944  |c CDR-1165.602  |l Stud. periodik/2.patro  |r Sklad / do 1 hodiny  |n 0  |p p.v.  |w 000808458  |u 000010  |a 1  |e BOA001  |j MZK50  |s P